[Event "Osasco op"]
[Site "Osasco"]
[Date "2023.12.02"]
[Round "4"]
[White "Kikuchi, Alexandre Hideki Lo"]
[Black "Da Silva, Denis Olmedo"]
[Result "1-0"]
[WhiteElo "1581"]
[BlackElo "1421"]
[PlyCount "27"]
[EventDate "2023.12.01"]
[EventType "swiss"]
[EventRounds "6"]
[EventCountry "BRA"]
[SourceTitle "CB50_2023"]
[SourceDate "2023.12.13"]
[SourceVersion "1"]
[SourceVersionDate "2023.12.13"]
[SourceQuality "1"]

1. d4 c5 2. d5 g6 3. Nc3 Bg7 4. e4 d6 5. Bf4 Qb6 6. Rb1 Qb4 7. Bb5+ Nd7 8. Bxd7+ Bxd7 9. Nge2 Nf6 10. a3 Qa5 11. Qd2 0-0 12. Bh6 Nxe4 13. Nxe4 Bxh6 14. Qxa5 1-0

[Event "Jundiai op 4th"]
[Site "Jundiai"]
[Date "2023.07.23"]
[Round "4"]
[White "Mangini, Bruno Fernandes"]
[Black "Da Silva, Denis Olmedo"]
[Result "1-0"]
[WhiteElo "1734"]
[BlackElo "1768"]
[PlyCount "73"]
[EventDate "2023.07.21"]
[EventType "swiss"]
[EventRounds "5"]
[EventCountry "BRA"]
[SourceTitle "CBM 215 Extra"]
[Source "ChessBase"]
[SourceDate "2023.09.30"]
[SourceVersion "1"]
[SourceVersionDate "2023.09.30"]
[SourceQuality "1"]

1. d4 Nf6 2. c4 e6 3. Nf3 Bb4+ 4. Bd2 Be7 5. g3 b6 6. Bg2 Bb7 7. 0-0 Nc6 8. Nc3 d6 9. a3 0-0 10. e4 e5 11. d5 Nb8 12. b4 Nbd7 13. Ne1 Ba6 14. Qb3 Rb8 15. a4 Ne8 16. Bh3 Bc8 17. Bg2 Bg5 18. f4 exf4 19. gxf4 Bh6 20. Ne2 g6 21. Ng3 Bg7 22. Bc3 Nef6 23. Qb2 Ne8 24. Nd3 Bxc3 25. Qxc3 Qf6 26. e5 Qg7 27. Rae1 dxe5 28. fxe5 Bb7 29. Qd2 Rd8 30. Qf4 Nb8 31. Ne4 a6 32. Qg5 Nd6 33. Nf6+ Kh8 34. exd6 Rxd6 35. Re4 h6 36. Rh4 h5 37. Rxh5+ 1-0

[Event "Jundiai op"]
[Site "Jundiai"]
[Date "2023.04.14"]
[Round "1"]
[White "Reis, Arnaldo Ulisses"]
[Black "Da Silva, Denis Olmedo"]
[Result "1/2-1/2"]
[WhiteElo "1731"]
[BlackElo "1800"]
[PlyCount "92"]
[EventDate "2023.04.14"]
[EventType "swiss"]
[EventRounds "5"]
[EventCountry "BRA"]
[SourceTitle "CBM 213 Extra"]
[Source "ChessBase"]
[SourceDate "2023.05.31"]
[SourceVersion "1"]
[SourceVersionDate "2023.05.31"]
[SourceQuality "1"]

1. Nf3 d5 2. d4 c5 3. c3 Nf6 4. Bf4 e6 5. e3 Nc6 6. Bd3 Be7 7. h3 Qb6 8. Qc1 cxd4 9. exd4 Bd7 10. Nbd2 0-0 11. 0-0 a5 12. a4 Rfc8 13. Qb1 g6 14. Re1 Bf8 15. Bb5 Be8 16. Qd3 Nh5 17. Bh2 Qd8 18. Qe3 Bd6 19. Bxd6 Qxd6 20. Nf1 Rab8 21. N1h2 Qf4 22. Ng4 Qxe3 23. Rxe3 Kg7 24. g3 Nf6 25. Nxf6 Kxf6 26. h4 h6 27. Kg2 Ne7 28. Bd3 Nf5 29. Re2 Nd6 30. Ne5 Kg7 31. f4 b5 32. axb5 Bxb5 33. Rxa5 Bxd3 34. Nxd3 Nc4 35. Ra7 Ra8 36. Rxa8 Rxa8 37. Kf3 Ra1 38. Rc2 Rf1+ 39. Ke2 Rg1 40. Kf2 Rh1 41. Kf3 Rf1+ 42. Ke2 Rg1 43. Kf2 Rh1 44. Kf3 Rf1+ 45. Nf2 Rb1 46. Nd3 Rf1+ 1/2-1/2